[Event "European Blitz 2022"]
[Site "Katowice POL"]
[Date "2022.12.16"]
[Round "8.23"]
[White "Horvath, Dominik"]
[Black "Oleksiyenko, Mykhaylo"]
[Result "0-1"]
[WhiteTitle "IM"]
[BlackTitle "GM"]
[WhiteElo "2502"]
[BlackElo "2594"]
[WhiteFideId "1642561"]
[BlackFideId "4152417"]
[EventDate "2022.12.16"]

1. e4 e5 2. Nc3 Nf6 3. d4 exd4 4. Qxd4 Nc6 5. Qd3 Bb4 6. Bg5 h6 7. Bh4 d6 8.
O-O-O Bxc3 9. Qxc3 Qe7 10. f3 Be6 11. Ne2 O-O-O 12. Bf2 d5 13. e5 Nd7 14. f4 g5
15. Nd4 Nxd4 16. Qxd4 c5 17. Qa4 Kb8 18. f5 Bxf5 19. Rxd5 Nb6 20. Rxd8+ Rxd8 21.
Qa3 Qd7 22. Bd3 c4 23. e6 Bxe6 24. Bg3+ Ka8 25. Bf2 cxd3 26. Bxb6 d2+ 0-1

[Event "European Blitz 2022"]
[Site "Katowice POL"]
[Date "2022.12.16"]
[Round "8.24"]
[White "Saraci, Nderim"]
[Black "Klenburg, Michael"]
[Result "1-0"]
[WhiteTitle "IM"]
[BlackTitle "IM"]
[WhiteElo "2468"]
[BlackElo "2347"]
[WhiteFideId "6351921"]
[BlackFideId "14102072"]
[EventDate "2022.12.16"]

1. Nf3 Nf6 2. b3 g6 3. Bb2 Bg7 4. e3 O-O 5. d4 d6 6. Be2 Nbd7 7. O-O c6 8. c4
Re8 9. Nc3 e5 10. d5 c5 11. Nd2 a6 12. Qc2 Rf8 13. Rae1 Rb8 14. a4 Ne8 15. f4
exf4 16. exf4 Nc7 17. Nce4 Ne8 18. Bxg7 Kxg7 19. Qc3+ Ndf6 20. Ng3 Kg8 21. f5
Bd7 22. Bd3 b5 23. axb5 axb5 24. Qc1 bxc4 25. bxc4 Ng4 26. Nf3 Kg7 27. h3 Ngf6
28. Qc3 Kg8 29. Rb1 Rxb1 30. Bxb1 Ng7 31. fxg6 fxg6 32. Ng5 Nfh5 33. N3e4 Rxf1+
34. Kxf1 Bf5 35. g4 Bxe4 36. Nxe4 Nf4 37. Nf6+ Kf7 38. Ne4 Kg8 39. Bc2 Ne8 40.
Qg3 g5 41. h4 h6 42. hxg5 hxg5 43. Qh2 Ng7 44. Qh6 Qe7 45. Qxg5 Qxg5 46. Nxg5
Ne8 47. Kf2 Kg7 48. Kf3 Ng6 49. Ne6+ Kf6 50. g5+ Kf7 51. Bxg6+ Kxg6 52. Kg4 Kf7
53. Kf5 Kg8 54. Kg6 Kh8 55. Kf7 1-0

[Event "European Blitz 2022"]
[Site "Katowice POL"]
[Date "2022.12.16"]
[Round "8.26"]
[White "Schneider, Ilja"]
[Black "Kyc, Jerzy"]
[Result "0-1"]
[WhiteTitle "IM"]
[WhiteElo "2483"]
[BlackElo "2230"]
[WhiteFideId "4663306"]
[BlackFideId "1163922"]
[EventDate "2022.12.16"]

1. e4 c5 2. Nc3 e6 3. Nf3 a6 4. g3 d5 5. exd5 exd5 6. d4 Nf6 7. Bg2 Nc6 8. O-O
cxd4 9. Nxd4 Be7 10. Nb3 Be6 11. Bg5 O-O 12. Re1 h6 13. Bxf6 Bxf6 14. Nxd5 Bxb2
15. Rb1 Ba3 16. c4 Qd6 17. Nd4 Nxd4 18. Qxd4 Bc5 19. Qf4 Qxf4 20. Nxf4 Bxc4 21.
Rbc1 b5 22. Bxa8 Rxa8 23. a4 Ba3 24. Ra1 b4 25. Re4 Rc8 26. Ne2 Bd5 27. Re3 a5
28. h4 Bc6 29. Raxa3 bxa3 30. Rxa3 Rd8 31. Nc3 Rd3 32. Kh2 h5 33. f4 Rd2+ 34.
Kg1 Rg2+ 35. Kf1 Rxg3 36. Nb5 Bxb5+ 0-1

[Event "European Blitz 2022"]
[Site "Katowice POL"]
[Date "2022.12.16"]
[Round "8.27"]
[White "Bartel, Mateusz"]
[Black "Cramling, Pia"]
[Result "0-1"]
[WhiteTitle "GM"]
[BlackTitle "GM"]
[WhiteElo "2627"]
[BlackElo "2463"]
[WhiteFideId "1112635"]
[BlackFideId "1700030"]
[EventDate "2022.12.16"]

1. e4 c5 2. Nf3 a6 3. Nc3 e6 4. g3 Nc6 5. Bg2 d6 6. O-O Be7 7. d4 cxd4 8. Nxd4
Bd7 9. Be3 Nf6 10. Nb3 b6 11. f4 Rb8 12. Qe2 b5 13. Rad1 Qc7 14. g4 Bc8 15. g5
Nd7 16. Qf2 b4 17. Ne2 a5 18. Nbd4 Nxd4 19. Nxd4 Nc5 20. f5 e5 21. f6 gxf6 22.
gxf6 exd4 23. fxe7 Qxe7 24. Bxd4 Rg8 25. Bf6 Qe6 26. Qf4 Bb7 27. Rfe1 Bxe4 28.
Bg5 Kd7 29. Rd2 Rbe8 30. Kf2 Qg6 31. h4 Bxg2 32. Rxe8 Rxe8 33. Kxg2 h6 34. Qg4+
Ne6 35. Qf3 hxg5 36. Qb7+ Nc7 37. h5 Qxh5 38. Qb6 Re2+ 0-1

[Event "European Blitz 2022"]
[Site "Katowice POL"]
[Date "2022.12.16"]
[Round "8.28"]
[White "Kjartansson, Gudmundur"]
[Black "Azarov, Sergei"]
[Result "1/2-1/2"]
[WhiteTitle "GM"]
[BlackTitle "GM"]
[WhiteElo "2453"]
[BlackElo "2562"]
[WhiteFideId "2301318"]
[BlackFideId "13501470"]
[EventDate "2022.12.16"]

1. c4 e6 2. Nc3 d5 3. d4 Be7 4. cxd5 exd5 5. Bf4 c6 6. e3 Bf5 7. g4 Be6 8. Bd3
Nd7 9. h3 g5 10. Bg3 h5 11. f3 Ngf6 12. Rh2 Nb6 13. Qc2 Bd6 14. Bxd6 Qxd6 15.
Rg2 O-O-O 16. O-O-O Kb8 17. Kb1 Rc8 18. Na4 Nxa4 19. Qxa4 hxg4 20. hxg4 Nd7 21.
Ne2 Rh3 22. Rf2 Rch8 23. a3 Rh1 24. Rff1 R1h2 25. Qa5 a6 26. Ka1 Ka7 27. Rc1 Rg2
28. Rh1 Rxh1 29. Rxh1 Rf2 30. Rh3 Rf1+ 31. Ka2 Rf2 32. Nc3 Rh2 33. Rxh2 Qxh2 34.
Na4 Qf2 35. Bxa6 bxa6 36. Qc7+ Ka8 37. Qc8+ Ka7 38. Qc7+ Ka8 39. Qc8+ Ka7 40.
Qc7+ Ka8 1/2-1/2

[Event "European Blitz 2022"]
[Site "Katowice POL"]
[Date "2022.12.16"]
[Round "8.30"]
[White "Tregubov, Pavel V."]
[Black "Kulon, Klaudia"]
[Result "0-1"]
[WhiteTitle "GM"]
[BlackTitle "IM"]
[WhiteElo "2553"]
[BlackElo "2274"]
[WhiteFideId "4115341"]
[BlackFideId "1131044"]
[EventDate "2022.12.16"]

1. e4 e5 2. Nf3 Nc6 3. Bb5 a6 4. Ba4 d6 5. d4 b5 6. Bb3 exd4 7. c3 Na5 8. cxd4
Nxb3 9. axb3 Bb7 10. O-O g6 11. Bg5 f6 12. Bf4 Bg7 13. Nc3 Ne7 14. Re1 O-O 15.
Qd2 f5 16. Ng5 Qd7 17. d5 b4 18. Nd1 fxe4 19. Ne6 Rf7 20. Nxg7 Kxg7 21. Bh6+ Kg8
22. Qxb4 Bxd5 23. Nc3 c5 24. Qa4 Bc6 25. Qa5 Qf5 26. Be3 Qf6 27. Qb6 Rc8 28.
Qxa6 Ra8 29. Qb6 Rxa1 30. Rxa1 Nf5 31. Qxc6 Nxe3 32. Nxe4 Qxb2 33. Re1 Nf5 34.
Qd5 Qd4 35. Rd1 Qxd5 36. Rxd5 Rb7 37. g4 Nd4 38. Nxd6 Rxb3 39. Rxc5 Nf3+ 40. Kg2
Nh4+ 41. Kf1 Rh3 42. g5 Rxh2 43. Rc8+ Kg7 44. Rc7+ Kf8 45. Rxh7 Kg8 46. Ra7 Nf3
47. Ne4 Kf8 48. Ra6 Kg7 49. Ra7+ Kf8 50. Ra3 Rh1+ 51. Kg2 Rh5 52. Kxf3 Rh3+ 53.
Ng3 0-1

[Event "European Blitz 2022"]
[Site "Katowice POL"]
[Date "2022.12.16"]
[Round "8.31"]
[White "Wieczorek, Oskar"]
[Black "Raczek, Krzysztof"]
[Result "0-1"]
[WhiteTitle "GM"]
[WhiteElo "2504"]
[BlackElo "2161"]
[WhiteFideId "1133950"]
[BlackFideId "21005303"]
[EventDate "2022.12.16"]

1. e4 c6 2. d4 d5 3. Nd2 dxe4 4. Nxe4 Nf6 5. Nxf6+ exf6 6. Be2 Bd6 7. Bf3 O-O 8.
Ne2 Qc7 9. c4 Re8 10. c5 Bf8 11. O-O Bf5 12. Nc3 Nd7 13. Be3 Rad8 14. Qc1 Nb8
15. d5 cxd5 16. Nxd5 Qc8 17. b4 Nc6 18. g3 Be4 19. Bxe4 Rxe4 20. Rd1 Qf5 21. Nc3
Rxd1+ 22. Qxd1 Rxb4 23. Nd5 Rc4 24. Rb1 Nd4 25. Nf4 Nf3+ 26. Kg2 Qe4 27. Qxf3
Qxb1 0-1

[Event "European Blitz 2022"]
[Site "Katowice POL"]
[Date "2022.12.16"]
[Round "8.32"]
[White "Stremavicius, Pijus"]
[Black "Grandelius, Nils"]
[Result "1-0"]
[WhiteTitle "FM"]
[BlackTitle "GM"]
[WhiteElo "2369"]
[BlackElo "2660"]
[WhiteFideId "12812730"]
[BlackFideId "1710400"]
[EventDate "2022.12.16"]

1. b3 d5 2. Bb2 Bg4 3. f3 Bh5 4. h4 f6 5. d4 c5 6. e4 e6 7. Nc3 Nc6 8. exd5 exd5
9. dxc5 d4 10. Ne4 Qa5+ 11. Qd2 Qxd2+ 12. Kxd2 O-O-O 13. g4 Bg6 14. Bd3 Bxe4 15.
Bxe4 Bxc5 16. a3 Nge7 17. Ne2 Nd5 18. Bxd5 Rxd5 19. Nf4 Rd7 20. Nd3 Bb6 21. Rae1
Ne7 22. Nf4 Ng6 23. Nxg6 hxg6 24. Kd3 Bc7 25. Re4 Bg3 26. h5 gxh5 27. gxh5 Rd5
28. Rxd4 Rdxh5 29. Rxh5 Rxh5 30. Rg4 Bh4 31. Rxg7 Bg5 32. Bd4 Rh3 33. Ke4 Rh4+
34. Kd5 Rf4 35. Bxa7 Rxf3 36. Bb6 Rf1 37. Rc7+ Kb8 38. Rf7 Rd1+ 39. Ke6 Re1+ 40.
Kd7 Rd1+ 41. Ke8 Kc8 42. Rc7+ Kb8 43. Rd7 Rxd7 44. Kxd7 f5 45. Ke6 f4 46. Kf5
Be7 47. a4 Kc8 48. Kxf4 Kd7 49. Ke4 Kc6 50. Bd4 Bb4 51. Kd3 Be1 52. Kc4 Bg3 53.
b4 Bf4 54. Bc5 Be5 55. b5+ Kd7 56. Kd5 Bf4 57. Bb4 Bg3 58. c4 Bf2 59. c5 Kc7 60.
Bc3 Be3 61. Be5+ Kc8 62. Bd6 Bd2 63. c6 b6 64. Kc4 Be1 65. Bb4 Bf2 66. a5 Kc7
67. Bc3 bxa5 68. Bxa5+ Kd6 69. Bb4+ Kc7 70. Bc5 Bg3 71. Kd5 Bf4 72. Bd6+ Bxd6
73. b6+ 1-0

[Event "European Blitz 2022"]
[Site "Katowice POL"]
[Date "2022.12.16"]
[Round "8.33"]
[White "Kacprzak, Kacper"]
[Black "Saric, Ante"]
[Result "0-1"]
[BlackTitle "GM"]
[WhiteElo "2289"]
[BlackElo "2504"]
[WhiteFideId "21819319"]
[BlackFideId "14506254"]
[EventDate "2022.12.16"]

1. e4 d5 2. exd5 Nf6 3. Bb5+ Bd7 4. Be2 Nxd5 5. d4 e6 6. Nf3 c5 7. c4 Nf6 8. Nc3
cxd4 9. Nxd4 Nc6 10. O-O Bb4 11. Ndb5 O-O 12. a3 Be7 13. Bf4 a6 14. Nd6 e5 15.
Bg5 Nd4 16. c5 Bc6 17. Bxf6 Bxf6 18. Bc4 Be7 19. Nxf7 Rxf7 20. Qh5 Qe8 21. Qxe5
Bf6 22. Qf4 Qe5 23. Qxe5 Bxe5 24. Rfe1 Bf6 25. Rad1 Kf8 26. Bxf7 Kxf7 27. Ne4
Nb3 28. Rd3 Bxe4 29. Rxb3 Rd8 30. Rbe3 Bc6 31. b4 Rd2 32. R1e2 Rd1+ 33. Re1 Rd4
34. h3 h5 35. Kf1 Rd2 36. Kg1 h4 37. R3e2 Rd3 38. Re3 Rd4 39. R3e2 a5 40. Rb1
Be4 41. Rbe1 Bc6 42. Rb1 axb4 43. axb4 Bb5 44. Re3 Rd2 45. Rbe1 Rb2 46. Re4 Bc6
47. Rc4 Bd5 48. Rf4 g5 49. Rf5 Rd2 50. b5 Kg6 51. Rxf6+ Kxf6 52. Re8 Rc2 53. Rc8
Kg7 54. Rc7+ Kg6 55. c6 bxc6 56. b6 Rb2 57. b7 c5 58. Rxc5 Bxb7 59. f3 Rb6 60.
Kf2 Bc6 61. Re5 Bd7 62. Re7 Be6 63. Rc7 Rb2+ 64. Kg1 Kf6 65. Rc5 Ra2 66. Rb5
Ra1+ 67. Kf2 Bc4 68. Rc5 Rf1+ 69. Ke3 Be6 70. Rc2 Ke5 71. Rc5+ Bd5 72. Rc2 Ra1
73. Kf2 Ra2 74. Rxa2 Bxa2 75. g3 Kf5 76. Kg2 Be6 77. Kf2 Bd7 78. Kg2 Ke5 79. f4+
gxf4 80. gxh4 Bc6+ 81. Kf2 Kf5 82. Kg1 Kg6 0-1

[Event "European Blitz 2022"]
[Site "Katowice POL"]
[Date "2022.12.16"]
[Round "8.34"]
[White "Cukrowski, Filip"]
[Black "Mastrovasilis, Dimitrios"]
[Result "0-1"]
[WhiteTitle "FM"]
[BlackTitle "GM"]
[WhiteElo "2402"]
[BlackElo "2605"]
[WhiteFideId "1171097"]
[BlackFideId "4202694"]
[EventDate "2022.12.16"]

1. e4 c5 2. Nf3 e6 3. c3 Nf6 4. e5 Nd5 5. d4 cxd4 6. cxd4 d6 7. Nc3 Nxc3 8. bxc3
Qc7 9. Bd2 Bd7 10. Bd3 Bc6 11. O-O Nd7 12. Re1 dxe5 13. dxe5 Be7 14. Qe2 Bxf3
15. Qxf3 Rd8 16. Qg3 g6 17. Bh6 a6 18. Qh3 Bf8 19. Bg5 Be7 20. Bh6 Nxe5 21. Be4
Bf6 22. f4 Nc4 23. f5 gxf5 24. Bxf5 Be5 25. Bxe6 Qb6+ 26. Kh1 Qxe6 27. Qh4 Rg8 0-1

[Event "European Blitz 2022"]
[Site "Katowice POL"]
[Date "2022.12.16"]
[Round "8.35"]
[White "Molenda, Marcin"]
[Black "Vogel, Roven"]
[Result "0-1"]
[WhiteTitle "FM"]
[BlackTitle "IM"]
[WhiteElo "2381"]
[BlackElo "2463"]
[WhiteFideId "1173065"]
[BlackFideId "12908088"]
[EventDate "2022.12.16"]

1. d4 d5 2. c4 e6 3. Nf3 Nf6 4. g3 dxc4 5. Bg2 a6 6. O-O Nc6 7. Qd2 Bd7 8. Ne5
Nxe5 9. dxe5 Nd5 10. Nc3 Bc6 11. Ne4 Be7 12. h4 h6 13. Qc2 O-O 14. Qxc4 Bb5 15.
Qc2 Nb4 16. Qb3 Bxe2 17. Re1 Bb5 18. Bd2 Qd3 19. Bc3 Qc2 20. Qa3 Nd5 21. b4 Qa4
22. Qb2 Bxb4 23. Red1 Rad8 24. Bd4 Ba3 25. Qd2 b6 26. Nf6+ Nxf6 27. exf6 Rxd4
28. Qxd4 Qxd4 29. Rxd4 Bb2 30. fxg7 Re8 31. Rad1 Bxd4 32. Rxd4 Kxg7 33. a4 Be2
34. Rd7 c5 35. Rb7 b5 36. axb5 axb5 37. Bc6 Rd8 38. Bxb5 Bf3 0-1

[Event "European Blitz 2022"]
[Site "Katowice POL"]
[Date "2022.12.16"]
[Round "8.36"]
[White "Laurusas, Tomas"]
[Black "Mis, Mieszko"]
[Result "0-1"]
[WhiteTitle "GM"]
[BlackTitle "FM"]
[WhiteElo "2567"]
[BlackElo "2389"]
[WhiteFideId "12803731"]
[BlackFideId "1196448"]
[EventDate "2022.12.16"]

1. c4 Nf6 2. Nc3 c5 3. Nf3 Nc6 4. e3 g6 5. Be2 Bg7 6. O-O O-O 7. d3 d5 8. cxd5
Nxd5 9. Bd2 Ndb4 10. Qb1 Bf5 11. Ne4 b6 12. a3 Nd5 13. h3 Rc8 14. Rd1 Qc7 15.
Qc2 Qb8 16. Rac1 Rfd8 17. Qb1 Nf6 18. Ng3 Bd7 19. b4 cxb4 20. axb4 b5 21. Be1
Ne5 22. Nd4 Nd5 23. Ne4 Be8 24. Nc5 e6 25. Ndb3 Nc6 26. Na1 Qa8 27. d4 Nce7 28.
Nab3 Nb6 29. Na5 Qb8 30. Bf3 Nc6 31. Ncb7 Rd5 32. Bxd5 Nxd5 33. Rc2 Nxa5 34.
Nxa5 Nb6 35. Rdc1 Rxc2 36. Qxc2 Bf8 37. e4 Qf4 38. Bd2 Qf6 39. Qd3 Bg7 40. Be3
Bf8 41. Qc3 Qh4 42. f3 Qg3 43. Bf2 Qg5 44. Qe3 Qe7 45. Nc6 Bxc6 46. Rxc6 Qxb4
47. Bg3 Nc4 48. Qd3 Qb2 49. Rc8 Kg7 50. Kh2 a5 51. Bh4 a4 52. e5 Qa3 53. Bf6+
Kg8 54. d5 Qxd3 55. d6 Qd5 56. Be7 Qxe5+ 0-1

[Event "European Blitz 2022"]
[Site "Katowice POL"]
[Date "2022.12.16"]
[Round "8.37"]
[White "Sahidi, Samir"]
[Black "Brilej, Jaka"]
[Result "1-0"]
[WhiteTitle "IM"]
[BlackTitle "FM"]
[WhiteElo "2494"]
[BlackElo "2336"]
[WhiteFideId "14936372"]
[BlackFideId "14618818"]
[EventDate "2022.12.16"]

1. Nf3 d5 2. c4 c6 3. g3 Nf6 4. Bg2 dxc4 5. Qc2 b5 6. a4 Bb7 7. O-O e6 8. b3
cxb3 9. Qxb3 a6 10. Bb2 Nbd7 11. axb5 cxb5 12. d3 Be7 13. Nbd2 O-O 14. Rfc1 Qb6
15. Bd4 Bc5 16. Bxc5 Nxc5 17. Qb2 Qd6 18. Qa3 Rfc8 19. Nb3 Nfd7 20. Na5 Rab8 21.
d4 Ne4 22. Nxb7 Qb6 23. Rxc8+ Rxc8 24. Na5 b4 25. Qb2 Nc3 26. Bf1 Nf6 27. e3 Rb8
28. Nc4 Qb7 29. Nfe5 Nfe4 30. Nd2 Nd6 31. Bxa6 Qc7 32. Bd3 f6 33. Nec4 Nf7 34.
Qb3 Ng5 35. h4 Nf7 36. Nb2 Nd5 37. Bc4 Qc6 38. Bxd5 exd5 39. Nd3 Qc3 1-0

[Event "European Blitz 2022"]
[Site "Katowice POL"]
[Date "2022.12.16"]
[Round "8.38"]
[White "Vega Gutierrez, Sabrina"]
[Black "Szpar, Milosz"]
[Result "0-1"]
[WhiteTitle "IM"]
[BlackTitle "IM"]
[WhiteElo "2361"]
[BlackElo "2428"]
[WhiteFideId "2219026"]
[BlackFideId "1184989"]
[EventDate "2022.12.16"]

1. e4 c5 2. Nf3 d6 3. d4 Nf6 4. Nc3 cxd4 5. Qxd4 a6 6. Bg5 Nc6 7. Qd2 e6 8.
O-O-O h6 9. Bf4 e5 10. Be3 Be6 11. h3 Rc8 12. g4 Qa5 13. a3 b5 14. g5 hxg5 15.
Nxg5 b4 16. Nb1 d5 17. Bg2 d4 18. Nxe6 dxe3 19. Qxe3 fxe6 20. Qg3 g5 21. Rd3 Nd4 0-1

[Event "European Blitz 2022"]
[Site "Katowice POL"]
[Date "2022.12.16"]
[Round "8.39"]
[White "Zimina, Olga"]
[Black "Kozak, Antoni"]
[Result "0-1"]
[WhiteTitle "IM"]
[WhiteElo "2295"]
[BlackElo "2422"]
[WhiteFideId "4132190"]
[BlackFideId "21832030"]
[EventDate "2022.12.16"]

1. d4 d5 2. Nf3 Nf6 3. c4 e6 4. g3 dxc4 5. Bg2 Bb4+ 6. Bd2 a5 7. O-O O-O 8. Qc2
Bxd2 9. Nbxd2 b5 10. Ne5 Ra7 11. e3 Bb7 12. Bxb7 Rxb7 13. a4 c6 14. b3 cxb3 15.
Nxb3 b4 16. Nxc6 Nxc6 17. Qxc6 Ra7 18. Rfc1 Nd5 19. Rc5 Nc3 20. Kg2 h6 21. Rc1
Kh8 22. Rc2 Qa8 23. Qxa8 Rfxa8 24. Rc1 Nxa4 25. Ra1 Nxc5 0-1

[Event "European Blitz 2022"]
[Site "Katowice POL"]
[Date "2022.12.16"]
[Round "8.40"]
[White "Przybylski, Wojciech"]
[Black "Stefanova, Antoaneta"]
[Result "0-1"]
[WhiteTitle "FM"]
[BlackTitle "GM"]
[WhiteElo "2321"]
[BlackElo "2442"]
[WhiteFideId "1117599"]
[BlackFideId "2902257"]
[EventDate "2022.12.16"]

1. e4 e5 2. Nf3 Nc6 3. Bb5 a6 4. Ba4 d6 5. h3 Ne7 6. O-O Ng6 7. d4 b5 8. Bb3
Nxd4 9. Nxd4 exd4 10. Bd5 Rb8 11. Qxd4 c5 12. Qd1 Be7 13. Nc3 O-O 14. f4 Bf6 15.
Be3 b4 16. Ne2 Bxb2 17. Rb1 Bf6 18. c4 Re8 19. Ng3 Bb7 20. Nf5 Bxd5 21. Qxd5 Ne7
22. Nxe7+ Qxe7 23. e5 dxe5 24. Bxc5 Qe6 25. fxe5 Qxe5 26. Bxb4 Qe3+ 27. Kh1 Red8
28. Qf5 h6 29. Ba5 Rxb1 30. Rxb1 Rf8 31. c5 Qg3 32. Be1 Qa3 33. Qd5 Rd8 34. Qc4
Be5 35. Bf2 Qa5 36. c6 Qc7 37. Bb6 Rb8 38. Qc5 Qd6 39. Re1 Qxc5 40. Bxc5 f6 41.
Be3 Rc8 42. Rc1 Kf7 43. a4 Ke6 44. Bb6 Kd5 45. c7 Ke6 46. a5 Kd7 47. Rd1+ Kc6
48. Rd8 Kb7 49. Rd7 g5 50. Rf7 h5 51. g4 hxg4 52. hxg4 Bxc7 53. Bd4 Rh8+ 54. Kg1
Kc8 55. Bxf6 Rh4 56. Rf8+ Kb7 57. Kf2 Rxg4 58. Ke3 Bxa5 59. Be5 Bb6+ 60. Kd3 Kc6
61. Rf6+ Kb5 62. Rf5 Kc6 63. Bf6 Rg3+ 64. Kc4 g4 65. Be5 Rf3 66. Rg5 Ra3 67.
Rg6+ Kb7 68. Bd6 Ra4+ 69. Kd5 Rd4+ 70. Ke5 g3 71. Ke6 0-1

[Event "European Blitz 2022"]
[Site "Katowice POL"]
[Date "2022.12.16"]
[Round "8.41"]
[White "Gaehwiler, Gabriel"]
[Black "Kokol, Peter"]
[Result "1-0"]
[WhiteTitle "IM"]
[BlackTitle "FM"]
[WhiteElo "2408"]
[BlackElo "2347"]
[WhiteFideId "1314530"]
[BlackFideId "14604523"]
[EventDate "2022.12.16"]

1. d4 Nf6 2. Nf3 g6 3. b3 Bg7 4. Bb2 O-O 5. Nbd2 d5 6. g3 Ne4 7. Bg2 c5 8. Qc1
Nxd2 9. Qxd2 Nc6 10. O-O-O cxd4 11. Nxd4 e5 12. Nxc6 bxc6 13. h4 Be6 14. h5 a5
15. hxg6 fxg6 16. e3 a4 17. f4 axb3 18. axb3 Qc7 19. Bh3 Bf7 20. f5 Ra2 21. fxg6
Bxg6 22. Be6+ Kh8 23. Qc3 Rf2 24. Rd2 Rxd2 25. Qxd2 Qa7 26. Kb1 Rxb2+ 27. Kxb2
e4+ 28. c3 Qe7 29. Bg4 Qg5 30. Bd7 Qxg3 31. Bxc6 Bf7 32. Qh2 Qg6 33. Qb8+ Bg8
34. Bxd5 Qg2+ 35. Ka3 Bf6 36. Qxg8+ 1-0

[Event "European Blitz 2022"]
[Site "Katowice POL"]
[Date "2022.12.16"]
[Round "8.42"]
[White "Karpus, Michal"]
[Black "Licznerski, Lukasz"]
[Result "0-1"]
[WhiteTitle "FM"]
[BlackTitle "IM"]
[WhiteElo "2212"]
[BlackElo "2441"]
[WhiteFideId "1174088"]
[BlackFideId "1179250"]
[EventDate "2022.12.16"]

1. e4 c6 2. d4 d5 3. Nc3 dxe4 4. Nxe4 Nd7 5. Ng5 e6 6. Bd3 Be7 7. N1f3 h6 8. Ne4
Ngf6 9. Nxf6+ Bxf6 10. Qe2 c5 11. d5 Nb6 12. Bb5+ Ke7 13. Be3 Qc7 14. O-O-O Rd8
15. g4 a6 16. Bd3 Nxd5 17. h4 Nf4 18. Bxf4 Qxf4+ 19. Kb1 Qxg4 20. Rdg1 Qb4 21.
c3 Bxc3 22. a3 Qxb2+ 23. Qxb2 Bxb2 24. Kxb2 Rxd3 25. Ne5 Rd2+ 26. Kc3 Rxf2 27.
Rxg7 Bd7 28. Rd1 Be8 29. Rh7 Rf5 30. Nc4 Rd8 31. Rxd8 Kxd8 32. Rxh6 Ke7 33. Rh8
Rf3+ 34. Kb2 Rh3 35. h5 b5 36. Ne5 f6 37. Ng4 Rxh5 38. Rxe8+ Kxe8 39. Nxf6+ Ke7
40. Nxh5 Kd6 41. Kc3 Ke5 42. Ng3 a5 43. Nf1 Ke4 44. Nd2+ Kd5 45. Nb3 b4+ 46.
axb4 cxb4+ 47. Kd3 a4 48. Nd2 e5 49. Nf1 e4+ 50. Ke3 Kc4 51. Nd2+ Kc3 52. Nxe4+
Kc2 53. Kd4 a3 54. Nc5 a2 55. Nd3 a1=Q+ 0-1

[Event "European Blitz 2022"]
[Site "Katowice POL"]
[Date "2022.12.16"]
[Round "8.43"]
[White "Kubicka, Anna"]
[Black "Manik, Mikulas"]
[Result "0-1"]
[WhiteTitle "WIM"]
[BlackTitle "GM"]
[WhiteElo "2217"]
[BlackElo "2359"]
[WhiteFideId "1152254"]
[BlackFideId "14900734"]
[EventDate "2022.12.16"]

1. e4 c5 2. Nf3 Nf6 3. Nc3 d6 4. Bb5+ Bd7 5. a4 a6 6. Bxd7+ Qxd7 7. O-O Nc6 8.
d4 cxd4 9. Nxd4 e6 10. Bg5 Be7 11. Qd2 O-O 12. h3 h6 13. Be3 Rac8 14. Rad1 Ne5
15. b3 d5 16. f4 Bb4 17. fxe5 Bxc3 18. Qe2 Nxe4 19. Qg4 f5 20. exf6 Nxf6 21.
Qxe6+ Qxe6 22. Nxe6 Rfe8 23. Nxg7 Kxg7 0-1

[Event "European Blitz 2022"]
[Site "Katowice POL"]
[Date "2022.12.16"]
[Round "8.44"]
[White "Sliwicka, Alicja"]
[Black "Paehtz, Thomas"]
[Result "1-0"]
[WhiteTitle "WIM"]
[BlackTitle "GM"]
[WhiteElo "2284"]
[BlackElo "2339"]
[WhiteFideId "1150677"]
[BlackFideId "4611349"]
[EventDate "2022.12.16"]

1. e4 g6 2. d4 Bg7 3. Nc3 d6 4. f4 Nf6 5. Nf3 O-O 6. Bd3 Na6 7. O-O c5 8. d5 Nb4
9. Bc4 e6 10. a3 exd5 11. exd5 Na6 12. Be3 Re8 13. Bf2 Bf5 14. Nh4 Bd7 15. f5
Nc7 16. a4 a6 17. a5 Nb5 18. Bd3 Nxc3 19. bxc3 Ne4 20. Bxe4 Rxe4 21. fxg6 hxg6
22. Qf3 Qe7 23. Rae1 Re8 24. Bg3 Rxe1 25. Rxe1 Qf8 26. Rf1 Bb5 27. Re1 Rxe1+ 28.
Bxe1 Qe7 29. Bg3 Be5 30. Bf2 Qf6 31. Qg4 Bxc3 32. Nf3 Qe7 33. Bh4 Bf6 34. Bg3
Kg7 35. h4 Bd7 36. Qf4 Ba1 37. h5 Qf6 38. h6+ Kh8 39. Ng5 Qxf4 40. Bxf4 Bd4+ 41.
Kf1 Bf5 42. Bxd6 Bxc2 43. Be7 Ba4 44. Ke2 c4 45. d6 c3 46. Kd3 c2 47. Kxd4 c1=Q
48. Bf6+ Kg8 49. h7+ 1-0

[Event "European Blitz 2022"]
[Site "Katowice POL"]
[Date "2022.12.16"]
[Round "8.45"]
[White "Jarmula, Lukasz"]
[Black "Wilk, Krzysztof"]
[Result "1-0"]
[WhiteTitle "GM"]
[WhiteElo "2469"]
[BlackElo "2107"]
[WhiteFideId "1160664"]
[BlackFideId "1116193"]
[EventDate "2022.12.16"]

1. e4 c6 2. d4 d5 3. Nd2 dxe4 4. Nxe4 Bf5 5. Ng3 Bg6 6. h4 h6 7. Nf3 Nd7 8. Bd3
Bxd3 9. Qxd3 Qc7 10. Bd2 e6 11. O-O-O Ngf6 12. Ne4 O-O-O 13. Kb1 Nxe4 14. Qxe4
Nf6 15. Qe2 Bd6 16. c4 b6 17. Bc3 Rhe8 18. Ka1 Re7 19. Qc2 Red7 20. b4 c5 21.
bxc5 bxc5 22. Qa4 Re8 23. Rb1 cxd4 24. Qa6+ Kd8 25. Ba5 e5 26. Rb8+ Ke7 27.
Rxe8+ Nxe8 28. Bxc7 Nxc7 29. Qc6 Ne6 30. Re1 Rc7 31. Qd5 Rc5 32. Qb7+ Rc7 33.
Qa6 f6 34. h5 Bb4 35. Rc1 Bc3+ 36. Rxc3 dxc3 37. Qa3+ Kf7 38. Qxc3 Nc5 39. Qc2
Nd7 40. Nh4 Nb6 41. c5 Nd7 42. c6 Nb6 43. Qb3+ 1-0

[Event "European Blitz 2022"]
[Site "Katowice POL"]
[Date "2022.12.16"]
[Round "8.46"]
[White "Tisaj, Domen"]
[Black "Sotsky, Alexander"]
[Result "0-1"]
[WhiteTitle "FM"]
[BlackTitle "IM"]
[WhiteElo "2396"]
[BlackElo "2333"]
[WhiteFideId "14628708"]
[BlackFideId "4130715"]
[EventDate "2022.12.16"]

1. d4 d5 2. c4 e6 3. Nf3 f5 4. Nc3 Nf6 5. Bf4 c6 6. e3 Be7 7. Be2 O-O 8. h3 Ne4
9. Qc2 Nd7 10. O-O Ndf6 11. Ne5 Bd7 12. f3 Nd6 13. c5 Nf7 14. b4 a6 15. a4 Be8
16. b5 Nxe5 17. Bxe5 Nd7 18. Bh2 e5 19. Bd3 Bg6 20. bxc6 bxc6 21. Rfb1 Qc8 22.
a5 Bf6 23. Qa4 f4 24. Bxg6 hxg6 25. Re1 fxe3 26. dxe5 Bxe5 27. Bxe5 Nxe5 28. Qd4
Qc7 29. Rxe3 Nc4 30. Re6 Qg3 31. Re7 Rf7 32. Rae1 Raf8 33. Qg4 Rxf3 34. Qxg3
Rxg3 35. Ne2 Ra3 36. Nd4 Rxa5 37. Nxc6 Rxc5 38. Nd4 Rcc8 39. Rb1 Nd6 40. Rb6 Rf7
41. Re6 Ne4 42. Rxg6 Kh7 43. Rge6 Rc4 44. Nf3 Rc1+ 45. Kh2 Rc2 46. Rxa6 Rxf3 47.
Rg6 Rff2 48. Rg4 Rf7 49. Ra5 Rd2 50. Ra8 Nf6 51. Rh4+ Kg6 52. Rd8 Kf5 53. Ra4 g5
54. Ra3 Ke5 55. Ra6 Ne4 56. Re8+ Kd4 57. Ra4+ Kc5 58. Rd8 Rff2 59. Ra5+ Kc6 60.
Ra6+ Kb7 61. Ra3 Rxg2+ 62. Kh1 Rh2+ 63. Kg1 Rdg2+ 64. Kf1 Ng3+ 0-1